000 00556cam a22002053a 4500
001 39186
003 PGUSA
005 20140828083853.0
008 120317s2012||||xxu|||||s|||||000 | eng d
040 _aPGUSA
_beng
042 _adc
100 1 _aPatrick,
_cSaint
245 1 0 _aCharta Sancti Patricii
_h[electronic resource] /
_cPatrick,
260 _bProject Gutenberg,
_c2012
506 _aPublic domain in the USA.
516 _aElectronic text
830 0 _aProject Gutenberg
_v39186
856 4 0 _uhttp://www.gutenberg.org/ebooks/39186
942 _cEB
999 _c268439
_d268439